| 000 | 00825nas a2200301 4500 | ||
|---|---|---|---|
| 001 | BR2012004540 | ||
| 003 | BR-BrBNA | ||
| 005 | 20231205120817.0 | ||
| 007 | ta | ||
| 008 | 230509b bl.|||p| |||| 00| 00por d | ||
| 040 |
_aBR-BrBNA _bpor _cBiblioteca Nacional de Agricultura |
||
| 041 | _a(En) | ||
| 072 | _aF30 | ||
| 100 | 1 | _aDuan, S. | |
| 100 | 1 | _aLiu, Z. | |
| 100 | 1 | _aFeng, X. | |
| 100 | 1 | _aZheng, K. | |
| 100 | 1 | _aCheng, L. | |
| 100 | 1 | _aZheng, X. | |
| 245 | 1 | _aDiversity and characterization of ramie-degumming strains | |
| 650 | _aRAMI | ||
| 650 | _aPLANTA TEXTIL | ||
| 650 | _aVARIAÇÃO GENETICA | ||
| 650 | _aFIBRA | ||
| 773 | 0 |
_tScientia Agricola (Brazil) _xISSN 0103-9016 _g(Mar-Apr 2012), v. 69(2) p. 119-125 _wBR2012004540 |
|
| 909 |
_a202311 _bLúcia _c55 _dLúcia Elande |
||
| 942 |
_2AGRIS _n0 _cANA |
||
| 999 |
_c220428 _d220428 |
||